| 000 | 00640nam a2200229 i 4500 | ||
|---|---|---|---|
| 001 | 36274 | ||
| 003 | ES-MaACL | ||
| 005 | 20240509101458.0 | ||
| 007 | t| | ||
| 008 | 030217s1984 sp ||||1| spa d | ||
| 020 | _a84-376-0471-0 | ||
| 100 | 1 |
_aBrines, Francisco, _d1932-2021 _931751 |
|
| 245 | 1 | 0 |
_aSelección propia / _cFrancisco Brines. |
| 260 |
_a[Madrid] : _bCátedra, _c[1984] |
||
| 300 |
_a205 p. ; _c18 cm. |
||
| 490 | 1 |
_aLetras hispánicas ; _v201 |
|
| 504 | _aBibliografía: p. 57-59. | ||
| 830 | 1 | 0 |
_aLetras hispánicas ; _v201 _9235703 |
| 852 |
_aES-MaACL _jL-7931 |
||
| 942 | _2udc | ||
| 999 |
_c36274 _d36274 |
||